[Event "TUR Cup"]
[Site "Denizli"]
[Date "2023.07.19"]
[Round "5"]
[White "Kilic, Nurullah"]
[Black "Unsacarer, Yigit"]
[Result "1/2-1/2"]
[WhiteElo "1667"]
[BlackElo "1476"]
[PlyCount "96"]
[EventDate "2023.07.16"]
[EventType "team-tourn"]
[EventRounds "9"]
[EventCountry "TUR"]
[SourceTitle "CBM 215 Extra"]
[Source "ChessBase"]
[SourceDate "2023.09.30"]
[SourceVersion "1"]
[SourceVersionDate "2023.09.30"]
[SourceQuality "1"]

1. e4 c5 2. Nf3 Nc6 3. d4 cxd4 4. Nxd4 e5 5. Nb5 d6 6. N1c3 a6 7. Na3 Nf6 8. Bg5 Be7 9. Bxf6 Bxf6 10. g3 Be6 11. h4 b5 12. Nd5 0-0 13. Bh3 Rc8 14. Kf1 Be7 15. Kg2 Bxh3+ 16. Rxh3 f5 17. exf5 Nd4 18. c3 Nxf5 19. Nc2 Qd7 20. Qg4 Rc4 21. Qe2 Qb7 22. Rd1 Bd8 23. Na3 Rc5 24. Qe4 Qf7 25. Rd2 Ne7 26. Ne3 Qxa2 27. Qb7 Rxc3 28. Qxa6 b4 29. Qxd6 Rxe3 30. fxe3 bxa3 31. bxa3 Qc4 32. Qd3 Qc6+ 33. e4 Bb6 34. Rh1 Qc5 35. Qc2 Qe3 36. Rb1 Kh8 37. Kh3 Ng6 38. a4 Nf4+ 39. Kh2 Nh5 40. Rg2 h6 41. Qe2 Qxe2 42. Rxe2 Bf2 43. Rb3 Bxg3+ 44. Rxg3 Nxg3 45. Kxg3 Ra8 46. Ra2 Ra5 47. Kg4 g6 48. h5 Kg7 1/2-1/2

[Event "TUR Cup"]
[Site "Denizli"]
[Date "2023.07.18"]
[Round "4"]
[White "Unsacarer, Yigit"]
[Black "Banci, Dogancan"]
[Result "1-0"]
[WhiteElo "1476"]
[BlackElo "1677"]
[PlyCount "135"]
[EventDate "2023.07.16"]
[EventType "team-tourn"]
[EventRounds "9"]
[EventCountry "TUR"]
[SourceTitle "CBM 215 Extra"]
[Source "ChessBase"]
[SourceDate "2023.09.30"]
[SourceVersion "1"]
[SourceVersionDate "2023.09.30"]
[SourceQuality "1"]

1. Nf3 Nf6 2. d4 d5 3. c4 e6 4. g3 c6 5. Bg2 Nbd7 6. 0-0 Bd6 7. Nbd2 0-0 8. Qc2 Re8 9. e4 dxe4 10. Nxe4 Be7 11. Bg5 h6 12. Bxf6 Nxf6 13. Rad1 Qc7 14. a3 b6 15. Rfe1 Bb7 16. Ne5 Red8 17. Nxf6+ Bxf6 18. Qe4 Rd6 19. b4 Rb8 20. c5 bxc5 21. bxc5 Rdd8 22. Rb1 Bxe5 23. dxe5 Qa5 24. Qb4 Qxb4 25. Rxb4 Ba6 26. Ra4 Bb5 27. Rxa7 Ra8 28. Rxa8 Rxa8 29. Re3 Rd8 30. Bf3 Rd2 31. Rc3 Ra2 32. Kg2 Ra1 33. Be4 Kf8 34. Kf3 Ke7 35. h4 Ra2 36. Bc2 Ra1 37. Be4 Ra2 38. Bc2 Ra1 39. Ke3 Re1+ 40. Kd4 Ra1 41. f4 Kd7 42. Bd3 Ba4 43. Bc4 Kc7 44. Ke3 Rg1 45. Kf2 Ra1 46. Kf3 Rd1 47. Kg4 Rd4 48. Bd3 Kd7 49. Kf3 Kc7 50. Ke3 Rd8 51. Ke4 Rd5 52. Ke3 g6 53. Be2 h5 54. g4 hxg4 55. Bxg4 Kd7 56. Rd3 Kc7 57. Rxd5 cxd5 58. h5 gxh5 59. Bxh5 Be8 60. Kd4 Kc6 61. f5 Kd7 62. fxe6+ Kxe6 63. Bg4+ f5 64. exf6+ Kxf6 65. Kxd5 Ke7 66. c6 Bf7+ 67. Kc5 Kd8 68. Kd6 1-0

[Event "TUR-chT 2nd League"]
[Site "Konya"]
[Date "2019.07.24"]
[Round "4.16"]
[White "Ince, Taylan Ruzgar"]
[Black "Unsacarer, Yigit"]
[Result "1/2-1/2"]
[WhiteElo "1610"]
[BlackElo "1417"]
[PlyCount "69"]
[EventDate "2019.07.22"]
[EventType "team-swiss"]
[EventRounds "9"]
[EventCountry "TUR"]
[SourceTitle "CBM 191 Extra"]
[Source "ChessBase"]
[SourceDate "2019.09.30"]
[SourceVersion "1"]
[SourceVersionDate "2019.09.30"]
[SourceQuality "1"]
[WhiteTeam "Yalova Altinkale"]
[BlackTeam "Maras Spor Kulubu"]
[WhiteTeamCountry "TUR"]
[BlackTeamCountry "TUR"]

1. e4 c6 2. Nc3 d5 3. Nf3 dxe4 4. Nxe4 Bf5 5. Ng3 Bg6 6. h4 h6 7. Ne5 Qd6 8. Nxg6 Qxg6 9. d4 Qe6+ 10. Qe2 Qxe2+ 11. Bxe2 Nf6 12. Bf3 e6 13. 0-0 Be7 14. h5 Nbd7 15. c4 Nb6 16. b3 0-0 17. Be3 Rfd8 18. a4 Nbd7 19. a5 a6 20. Rfd1 Nf8 21. Ne4 Nxe4 22. Bxe4 Nd7 23. Bf3 Nf6 24. Ra4 Rd7 25. b4 Rad8 26. Rb1 Bf8 27. Be2 Ne4 28. Rb3 Nd6 29. g4 Ra8 30. Ra1 Be7 31. Rd1 Ne8 32. Bf3 Nf6 33. Rdb1 Bf8 34. Ra1 Rad8 35. Be2 1/2-1/2